خو ش کلا ميا ں قلم کا ر و ں کی (Record no. 165791)
[ view plain ]
| 000 -LEADER | |
|---|---|
| fixed length control field | 00806nam a22002297a 4500 |
| 005 - DATE AND TIME OF LATEST TRANSACTION | |
| control field | 20190701123943.0 |
| 010 ## - LCCN (DPL NO) | |
| LC control number | B-230477 |
| 020 ## - INTERNATIONAL STANDARD BOOK NUMBER | |
| International Standard Book Number | 8188413267 |
| Terms of availability | 200.00 |
| 035 ## - SYSTEM CONTROL NUMBER | |
| System control number | B-230477 |
| 037 ## - SOURCE OF ACQUISITION | |
| Source of stock number/acquisition | M.R.Pub./Ven. |
| Stock number | dpl |
| 082 ## - DEWEY DECIMAL CLASSIFICATION NUMBER | |
| Classification number | 847 |
| 100 ## - MAIN ENTRY--PERSONAL NAME | |
| Personal name | مر تبہ:نا ر نگ سا قی |
| 245 ## - TITLE STATEMENT | |
| Title | خو ش کلا ميا ں قلم کا ر و ں کی |
| Statement of responsibility, etc | مر تبہ:نا ر نگ سا قی |
| 250 ## - EDITION STATEMENT | |
| Edition statement | مر تبہ:نا ر نگ سا قی |
| 260 ## - PUBLICATION, DISTRIBUTION, ETC. (IMPRINT) | |
| Place of publication, distribution, etc | New Delhi |
| Name of publisher, distributor, etc | M.R.Publications |
| Date of publication, distribution, etc | 2007 |
| 270 ## - ADDRESS | |
| Address | 2695,Kaley Khan Street,Kucha Chelan ,Darya Ganj, |
| 300 ## - PHYSICAL DESCRIPTION | |
| Extent | 323+30ص |
| Dimensions | 22cm(Hbk) |
| 490 ## - SERIES STATEMENT | |
| Series statement | Jaico illustrated classics series |
| 942 ## - ADDED ENTRY ELEMENTS (KOHA) | |
| Source of classification or shelving scheme | Dewey Decimal Classification |
| Item type | Urdu Bks |
| Call number suffix | ج و ش |
| Classification part | 847 |
| Withdrawn status | Lost status | Not for loan | Collection code | Home library | Current library | Date acquired | Source of acquisition | Cost, normal purchase price | Full call number | Barcode | Copy number | Cost, replacement price | Koha item type |
|---|---|---|---|---|---|---|---|---|---|---|---|---|---|
| Ordered | Non-fiction | Central Library | Central Library | 01/07/2019 | BPPD/Ven. | 200.00 | 847 ج و ش | B-230477 | 1 | 200.00 | Urdu Bks |
